Cuadragésima quinta memoria anual presentada a la Superintendencia de Bancos: año 1970

Saved in:
Bibliografiske detaljer
Institution som forfatter: Banco Central de Chile (Author)
Format: Bog
Sprog:spansk
Udgivet: Santiago Banco Central de Chile 1970
Fag:
Tags: Tilføj Tag
Ingen Tags, Vær først til at tagge denne postø!

MARC

LEADER 00000nam a2200000 a 4500
001 UCR9352
003 CL-VaPUC
008 980613e19700000CL |||||||||||||||||spa|d
082 0 4 |a 332.11  |b BAN  |2 21 
110 2 |a Banco Central de Chile  |e author  |9 411787 
245 1 0 |a Cuadragésima quinta memoria anual presentada a la Superintendencia de Bancos: año 1970 
300 |a 148 p 
942 |c BK 
945 |d 19980613 00:00:00  |a crobeson 
260 |a Santiago  |b Banco Central de Chile  |c 1970 
650 7 |a BANCOS CENTRALES  |2 CL-VaPUC  |9 325759 
650 0 |a Bancos  |9 254963 
650 7 |a INSTITUCIONES FINANCIERAS  |2 CL-VaPUC  |9 257940 
650 0 |a Sistema financiero  |9 337931 
650 0 |a Condiciones económicas  |9 258255 
650 0 |a Mercado financiero  |9 334172 
650 0 |a Mercado de capitales  |9 330596 
650 7 |a COMERCIO INTERNACIONAL  |2 CL-VaPUC  |9 411788 
650 7 |a SISTEMA MONETARIO INTERNACIONAL  |2 CL-VaPUC  |9 322730 
650 0 |a Hacienda pública  |9 258673 
650 7 |a ECONOMIA NACIONAL  |2 CL-VaPUC  |9 338222 
651 7 |a CHILE  |2 CL-VaPUC  |9 411789 
583 |a last modification  |c 19980613 00:00:00  |k Rodrigo Vera 
999 |c 270550  |d 270548